[Event "AUTO-OPEN-3765"]
[Site "http://www.queenalice.com/game.php?id=1463981"]
[Date "2017.2.11"]
[Round "1"]
[White "holandes"]
[Black "fortescxi"]
[Result "0-1"]
[WhiteElo "1924"]
[BlackElo "1613"]

1. e4 e5 2. Nc3 Nc6 3. Nf3 Bc5 4. Bc4 Nf6 5. a3 d6 6. h3 O-O 7. O-O h6 8. Nh2
Ne7 9. d3 Ng6 10. Be3 Bb6 11. Qf3 c6 12. Na4 d5 13. exd5 cxd5 14. Nxb6 axb6 15.
Bb3 Re8 16. Qg3 d4 17. Qxg6 Be6 18. Qg3 dxe3 19. fxe3 Bxb3 20. cxb3 Qxd3 21.
Rxf6 Rac8 22. Rxh6 f5 23. Rxb6 f4 24. Qg4 Qxe3+ 25. Kf1 Rc2 26. Qf3 Qxb6 27. Rb1
e4 28. Qxf4 Rf8 0-1

[Event "AUTO-OPEN-3765"]
[Site "http://www.queenalice.com/game.php?id=1463982"]
[Date "2017.2.11"]
[Round "1"]
[White "fortescxi"]
[Black "holandes"]
[Result "1-0"]
[WhiteElo "1641"]
[BlackElo "1896"]

1. d4 d5 2. c4 c6 3. Nc3 e6 4. Nf3 Bb4 5. e3 Nf6 6. Bd3 Nbd7 7. Bd2 Bxc3 8. bxc3
Nb6 9. Ne5 Nfd7 10. Nxd7 Bxd7 11. Qe2 Qe7 12. O-O Qf6 13. Rab1 Rb8 14. c5 Nc8
15. c4 O-O 16. cxd5 exd5 17. a4 b6 18. Ba5 Qg5 19. Rb2 Bh3 20. Qf3 Bg4 21. Qg3
Ne7 22. cxb6 axb6 23. Rxb6 h6 24. h3 Nf5 25. Qxg4 g6 26. Bxf5 gxf5 27. Qxg5+
hxg5 28. Rc1 Ra8 29. Rc5 Rfc8 30. Rb4 Kg7 31. Bb6 Rab8 32. a5 Ra8 33. Rb3 f6 34.
Rbc3 f4 35. Rxc6 Rxc6 36. Rxc6 fxe3 37. fxe3 1-0

[Event "AUTO-OPEN-3765"]
[Site "http://www.queenalice.com/game.php?id=1463991"]
[Date "2017.2.11"]
[Round "1"]
[White "TheOperator"]
[Black "fortescxi"]
[Result "0-1"]
[WhiteElo "1724"]
[BlackElo "1736"]

1. e4 e5 2. Bc4 Nc6 3. Nf3 Bc5 4. d3 Nf6 5. Ng5 O-O 6. Nd2 h6 7. Ngf3 d6 8. Nb3
Bb6 9. O-O Bg4 10. Bd2 Ne7 11. a4 a5 12. Qc1 Kh7 13. Re1 Ng6 14. d4 Bxf3 15.
gxf3 Nh4 16. Re3 exd4 17. Rd3 Qd7 18. Qf1 c5 19. Bf4 Nh5 20. Bd2 Ng6 21. Nc1
Ngf4 22. Bxf4 Nxf4 23. Rb3 Bd8 24. Kh1 Bg5 25. Ne2 Rab8 26. Nxf4 Bxf4 27. Qg2 b6
28. c3 Be5 29. Bb5 Qe6 30. Rba3 f5 31. Qh3 Qf6 32. Bd3 dxc3 33. bxc3 Bxc3 34.
exf5 Bxa1 35. Qg3 d5 36. f4 Bd4 37. Ra2 c4 38. Bc2 Bc3 39. Bd1 d4 40. Bh5 Qxf5
41. Re2 d3 42. Re7 Bf6 43. Re1 d2 44. Rg1 g5 45. fxg5 Bxg5 46. Rf1 Rbc8 47. Qd6
c3 0-1

[Event "AUTO-OPEN-3765"]
[Site "http://www.queenalice.com/game.php?id=1463992"]
[Date "2017.2.11"]
[Round "1"]
[White "fortescxi"]
[Black "TheOperator"]
[Result "1-0"]
[WhiteElo "1591"]
[BlackElo "1735"]

1. d4 e6 2. Nf3 d5 3. c4 b6 4. Nc3 Nf6 5. Bg5 Be7 6. e3 Ba6 7. b3 c5 8. dxc5
bxc5 9. Be2 Nc6 10. cxd5 Bxe2 11. Qxe2 exd5 12. Qb5 Qc7 13. Bxf6 Qd7 14. Bxe7
Kxe7 15. Rd1 d4 16. Qxc5+ Ke8 17. Nxd4 Ne7 18. Ndb5 Rc8 19. Rxd7 Rxc5 20. Rxa7
Nc8 21. Rc7 Rxc7 22. Nxc7+ Kd7 23. N7d5 Re8 24. O-O Re6 25. Rd1 1-0

[Event "Challenge"]
[Site "http://www.queenalice.com/game.php?id=1476401"]
[Date "2017.5.2"]
[Round "-"]
[White "mvson33"]
[Black "fortescxi"]
[Result "0-1"]
[WhiteElo "1696"]
[BlackElo "1752"]

1. e4 e5 2. Nf3 Nc6 3. Bc4 Bc5 4. O-O Nf6 5. Nc3 d6 6. a3 Bg4 7. h3 Bh5 8. g4
Nxg4 9. hxg4 Bxg4 10. d3 Nd4 11. Be3 Bxf3 12. Qd2 Qh4 13. Nd5 Qh1# 0-1

[Event "Challenge"]
[Site "http://www.queenalice.com/game.php?id=1476402"]
[Date "2017.5.2"]
[Round "-"]
[White "fortescxi"]
[Black "mvson33"]
[Result "1-0"]
[WhiteElo "1813"]
[BlackElo "1810"]

1. d4 Nf6 2. c4 e6 3. Nc3 d5 4. Bg5 Nbd7 5. e3 dxc4 6. Bxc4 Be7 7. Nf3 O-O 8.
O-O b6 9. a3 Bb7 10. b4 Rc8 11. Rb1 Ne4 12. Bxe7 Nxc3 13. Bxd8 Nxd1 14. Rfxd1
Rcxd8 15. Rbc1 Nf6 16. Ne5 Rd6 17. b5 Rfd8 18. Be2 Nd5 19. Rc2 c5 20. dxc5 bxc5
21. Rxc5 g6 22. h3 f6 23. Nc6 Bxc6 24. Rxc6 Rxc6 25. bxc6 Rc8 26. Rc1 Ne7 27.
Bb5 Kf7 28. e4 Rc7 29. Kf1 Ke8 30. Ke2 Kd8 31. Kd3 Nxc6 32. Rxc6 Rxc6 33. Bxc6
Kc7 34. Ba4 Kd6 35. f4 e5 36. fxe5+ Kxe5 37. Ke3 h6 38. g4 a5 39. Be8 g5 40. a4
Kd6 41. Kd4 Ke7 42. Kc5 Kxe8 43. Kb5 Ke7 44. Kxa5 1-0

[Event "AUTO-INT-3211"]
[Site "http://www.queenalice.com/game.php?id=1477668"]
[Date "2017.5.11"]
[Round "2"]
[White "valdenicio"]
[Black "fortescxi"]
[Result "0-1"]
[WhiteElo "2253"]
[BlackElo "1770"]

1. d4 d5 2. c4 c6 3. cxd5 cxd5 4. Nc3 Nf6 5. g3 Nbd7 6. Bg2 e6 7. Nf3 Be7 8. O-O
O-O 9. Bf4 a6 10. Rc1 b5 11. Ne5 Bb7 12. e3 Rc8 13. Qe2 Nb6 0-1

[Event "AUTO-INT-3211"]
[Site "http://www.queenalice.com/game.php?id=1477669"]
[Date "2017.5.11"]
[Round "2"]
[White "fortescxi"]
[Black "valdenicio"]
[Result "1-0"]
[WhiteElo "1740"]
[BlackElo "2276"]

1. d4 Nf6 2. c4 g6 3. Nc3 Bg7 4. e4 d6 5. Nf3 O-O 6. Be3 e5 7. d5 c6 8. Bd3 cxd5
9. cxd5 h6 10. O-O Ng4 11. Qd2 f5 12. h3 Nxe3 13. Qxe3 f4 14. Qd2 1-0

[Event "AUTO-INT-3211"]
[Site "http://www.queenalice.com/game.php?id=1477672"]
[Date "2017.5.11"]
[Round "2"]
[White "The_Clown"]
[Black "fortescxi"]
[Result "0-1"]
[WhiteElo "1726"]
[BlackElo "1800"]

1. d4 d5 2. c4 c6 3. c5 b6 4. b4 a5 5. Bd2 axb4 6. Bxb4 e6 7. e3 Nd7 8. Nf3 bxc5
9. dxc5 Bxc5 10. Bxc5 Nxc5 11. Ne5 Bd7 12. Nxd7 Qxd7 13. Be2 Nf6 14. O-O O-O 15.
Nd2 Rfb8 16. Nf3 Nce4 17. Ne5 Qc7 18. f3 Qxe5 19. fxe4 Nxe4 20. Rb1 Nc3 21.
Rxb8+ Rxb8 22. Qd2 Nxe2+ 23. Qxe2 Rb2 24. Qf3 f6 25. a3 Rb3 26. a4 Rxe3 27. Qd1
Re2 28. a5 Qb2 29. Rf3 Rxg2+ 30. Kf1 Rxh2 31. a6 Rh1# 0-1

[Event "AUTO-INT-3211"]
[Site "http://www.queenalice.com/game.php?id=1477673"]
[Date "2017.5.11"]
[Round "2"]
[White "fortescxi"]
[Black "The_Clown"]
[Result "1-0"]
[WhiteElo "1724"]
[BlackElo "1724"]

1. c4 e5 2. Nc3 Nf6 3. g3 d5 4. cxd5 Nxd5 5. Bg2 Be6 6. Nf3 Nc6 7. d3 Bb4 8. Bd2
Nxc3 9. bxc3 Be7 10. O-O Qd7 11. Qc2 O-O-O 12. Rab1 Kb8 13. Nxe5 Qd6 14. Nxc6+
Kc8 15. Nxd8 Kxd8 16. Rxb7 Kd7 17. Qa4+ Kc8 18. Qxa7 Kd7 19. Bf4 Qa3 20. Rxc7+
Kd8 21. Qb8+ Bc8 22. Qxc8# 1-0

[Event "AUTO-INT-3211"]
[Site "http://www.queenalice.com/game.php?id=1477674"]
[Date "2017.5.11"]
[Round "2"]
[White "qxr"]
[Black "fortescxi"]
[Result "1-0"]
[WhiteElo "1623"]
[BlackElo "1766"]

1. d4 d5 2. c4 c6 3. Nc3 Nf6 4. e3 e6 5. Nf3 Nbd7 6. a3 Be7 7. b3 a5 8. Be2 O-O
9. O-O Qc7 10. h3 b6 11. cxd5 exd5 12. Bd3 Bd6 13. g3 1-0

[Event "AUTO-INT-3211"]
[Site "http://www.queenalice.com/game.php?id=1477675"]
[Date "2017.5.11"]
[Round "2"]
[White "fortescxi"]
[Black "qxr"]
[Result "0-1"]
[WhiteElo "1744"]
[BlackElo "1645"]

1. d4 Nf6 2. c4 e6 3. Bg5 Be7 4. Nc3 a6 5. e3 h6 6. Bh4 d5 7. Nf3 b6 8. Be2 Nbd7
9. O-O Ne4 10. Bxe7 Qxe7 11. cxd5 exd5 12. Nxd5 Qd6 13. Nc3 Nxc3 14. bxc3 Bb7
0-1

[Event "AUTO-ADV-3861"]
[Site "http://www.queenalice.com/game.php?id=1484354"]
[Date "2017.6.30"]
[Round "1"]
[White "Paraucho"]
[Black "fortescxi"]
[Result "1-0"]
[WhiteElo "2067"]
[BlackElo "1829"]

1. e4 e5 2. Bc4 Nc6 3. c3 Bc5 4. Nf3 Nf6 5. Qe2 O-O 6. O-O h6 7. Rd1 Re8 8. Bb3
d6 9. h3 Bd7 10. d4 exd4 11. cxd4 Rxe4 12. Be3 Bb6 13. Nc3 Re7 14. a3 Qe8 15.
Qd3 Rd8 16. Bc2 Qf8 17. Nd5 1-0

[Event "AUTO-ADV-3861"]
[Site "http://www.queenalice.com/game.php?id=1484355"]
[Date "2017.6.30"]
[Round "1"]
[White "fortescxi"]
[Black "Paraucho"]
[Result "0-1"]
[WhiteElo "1823"]
[BlackElo "2092"]

1. d4 c6 2. c4 d5 3. Nc3 e6 4. Nf3 dxc4 5. a4 b6 6. e3 Bb7 7. Bxc4 Nf6 8. O-O
Bd6 9. Bd2 Bc7 10. b4 O-O 11. Qc2 Qd6 12. Ne4 Nxe4 13. Qxe4 Nd7 14. Rab1 Rab8
15. Rfd1 c5 16. bxc5 Bxe4 17. cxd6 Bxd6 18. Rbc1 e5 19. Nxe5 Nxe5 20. dxe5 Bxe5
21. Bb4 Bb2 22. Bxf8 Rxf8 23. Bb5 Bxc1 24. Rxc1 Ra8 25. f3 Bd5 0-1

[Event "AUTO-ADV-3861"]
[Site "http://www.queenalice.com/game.php?id=1484370"]
[Date "2017.6.30"]
[Round "1"]
[White "miguel7"]
[Black "fortescxi"]
[Result "1-0"]
[WhiteElo "1842"]
[BlackElo "1786"]

1. e4 e5 2. Nf3 Nc6 3. Bb5 d6 4. d4 exd4 5. Bxc6+ bxc6 6. Nxd4 Bd7 7. Nc3 Nf6 8.
O-O Be7 9. Qf3 O-O 10. h3 h6 11. e5 dxe5 12. Nf5 1-0

[Event "AUTO-ADV-3861"]
[Site "http://www.queenalice.com/game.php?id=1484371"]
[Date "2017.6.30"]
[Round "1"]
[White "fortescxi"]
[Black "miguel7"]
[Result "0-1"]
[WhiteElo "1801"]
[BlackElo "1827"]

1. c4 e5 2. Nc3 Bc5 3. e3 Nf6 4. g3 d5 5. cxd5 Nxd5 6. Nge2 Bg4 7. Bg2 c6 8. O-O
O-O 9. h3 Bh5 10. g4 Bg6 11. d4 Nxc3 0-1

[Event "AUTO-ADV-3861"]
[Site "http://www.queenalice.com/game.php?id=1484382"]
[Date "2017.6.30"]
[Round "1"]
[White "fortescxi"]
[Black "Spessatto"]
[Result "0-1"]
[WhiteElo "1818"]
[BlackElo "2005"]

1. d4 d5 2. c4 Bf5 3. Nc3 e6 4. Nf3 h6 5. Bf4 Nf6 6. e3 c6 7. c5 Be7 8. Be2 O-O
9. O-O Nbd7 10. b4 Ne4 11. Nxe4 dxe4 12. Nd2 Nf6 13. Nc4 Nd5 14. Bg3 Nc3 15. Qc2
Nxe2+ 16. Qxe2 Bh4 17. Bd6 Re8 18. a4 a6 19. Nb6 Qg5 20. Nxa8 Rxa8 0-1

[Event "AUTO-ADV-3861"]
[Site "http://www.queenalice.com/game.php?id=1484383"]
[Date "2017.6.30"]
[Round "1"]
[White "Spessatto"]
[Black "fortescxi"]
[Result "1-0"]
[WhiteElo "2014"]
[BlackElo "1809"]

1. d4 d5 2. h3 Nf6 3. Nf3 e6 4. Bf4 Nbd7 5. Ne5 Be7 6. e3 c6 7. Nd2 O-O 8. Ndf3
Nxe5 9. dxe5 Ne4 10. Bd3 c5 11. c3 b6 12. O-O Bb7 13. Qc2 Qc7 14. Bxe4 dxe4 15.
Nd2 Qc6 16. Nc4 f6 17. exf6 Rxf6 18. Ne5 Qc8 19. Ng4 Rf8 20. Qe2 1-0